000 00645nam a2200217 a 4500
001 000030647
003 OSt
005 20201027110010.0
008 110525s2011 dr 000 0 spa d
020 _a9789945868852
040 _aDO-SdBNP
_bspa
_cBNPHU
082 _axxx
_bT233e
100 1 _aTaveras Mejía, Antonio
_96478
245 1 0 _aEn yolas no, coterráneo /
_cAntonio Taveras Mejía.
260 _aSanto Domingo :
_bEdiciones Renovación,
_c2011.
300 _a107 p. ;
_c23 cm.
586 _aPremio de poesía Emilio Prud´ Homme, 2010
590 _aInventariado, 2020 / DG
910 _aInventariado, 2020 / DG
942 _2ddc
_cLBS1
999 _c30139
_d30139